[Event "TKM-ch"]
[Site "Ashkhabad"]
[Date "2000.05.13"]
[Round "2"]
[White "Aliev, Kerim"]
[Black "Tselutin, Evgeny"]
[Result "1-0"]
[WhiteElo "2328"]
[BlackElo "2202"]
[PlyCount "52"]
[EventDate "2000.05.12"]
[EventType "tourn"]
[EventRounds "13"]
[EventCountry "TKM"]
[EventCategory "3"]
[SourceTitle "CBM 076 Extra"]
[Source "ChessBase"]
[SourceDate "2000.07.11"]
[SourceVersion "1"]
[SourceVersionDate "2000.07.11"]
[SourceQuality "1"]

1. d4 d5 2. c4 e6 3. Nc3 Nf6 4. cxd5 exd5 5. Bg5 Be7 6. e3 0-0 7. Bd3 c6 8. Nge2 Nbd7 9. Qc2 Re8 10. 0-0 Nf8 11. Rab1 Bd6 12. Kh1 Ng6 13. f3 Be7 14. Nf4 Nf8 15. Bh4 b6 16. Rbe1 Bb7 17. Qd1 g6 18. Bf2 Bd6 19. Qd2 Bxf4 20. exf4 Qd6 21. f5 Rxe1 22. Rxe1 Re8 23. g4 Bc8 24. Kg2 Kg7 25. Bg3 Qd8 26. Be5 Kg8 1-0